000 00692nam a2200241Ia 4500
003 OSt
005 20220924132606.0
006 a|||||r|||| 00| 0
007 ta
008 220923b |||||||| |||| 00| 0 san d
024 _a73639
037 _cTextual
040 _aARTS
_cARTS
_bsan
041 _2san
_asan
082 _aR621x1,1, 15K1 (Q4)
100 _aKanda
_9204564
245 0 _aVaisesika sutra with the commentary of Chandran and ed by Jambuvijayaji
260 _c1961
490 _aGackwad's oriental series ed by B J Sansesara; 136
650 _aNAYA PHILOSOPHY
_95683
942 _hR621x1,1, 15K1 (Q4)
_cTEXL
_2CC
999 _c430781
_d430781